Prealgebra
| Main Authors: | , , |
|---|---|
| Format: | Section = Libro |
| Language: | Undetermined Spanish |
| Published: |
Boston
Addison/Wesley
2009
|
| Edition: | 3a.ed. |
| Subjects: |
| LEADER | 00590nam a2200253Ia 4500 | ||
|---|---|---|---|
| 008 | 240829s9999 xx 000 0 und d | ||
| 020 | |a 978-0-321-49993 | ||
| 040 | |a BIBLIOTECA-RUSB/ 512 C321 | ||
| 041 | |a spa | ||
| 082 | |a 512 C321 | ||
| 100 | 1 | |a Carson, Tom | |
| 100 | 1 | |b Gillespie, Ellyn | |
| 100 | 1 | |c Jordan, Bill | |
| 245 | 1 | 0 | |a Prealgebra |
| 250 | |a 3a.ed. | ||
| 260 | |a Boston |b Addison/Wesley |c 2009 | ||
| 300 | |a 757 p. :il. | ||
| 650 | 7 | |a ALGEBRA | |
| 650 | 7 | |b ECUACIONES | |
| 650 | 7 | |c POLINOMIOS | |
| 650 | 7 | |d FATORIZACION | |
| 942 | |c BK |2 ddc | ||
| 991 | |a TEXTO | ||
| 999 | |c 1359 | ||